000 00843nam a2200265Ia 4500
003 GCL
008 140319s9999 xx 000 0 ara d
040 _aGCL /
_cGCL
082 0 4 _a091
_bس و
245 1 0 _aالوثائق العربية العمانية فى مراكز الارشيف الفرنسية
300 _a311 ص
490 _a
650 0 4 _aالمخطوطات العربية
650 0 4 _aالوثائق
650 0 4 _aالاحتلال البريطانى
650 0 4 _aالاحتلال الفرنسى
650 0 4 _aالارشيف والمحفوظات
650 0 4 _aالوثائق الدبلوماسية
650 0 4 _aزنجبار
650 0 4 _aالوثائق القانونية
650 0 4 _aسلطنة عمان - تاريخ
650 0 4 _aمسقط - تاريخ
650 0 4 _aجزر موريشس
942 _2ddc
_cBK
999 _c37965
_d37965